000 00761nam a2200289Ia 4500
001 Z_6157
003 CHAP
008 220113s1974 xx 000 0 und d
010 _a169389
020 _a84-02-03793-3
040 _cCHAP
082 _a133.4 M37
100 _aMasters, Anthony, 1940-
_9144007
245 _aHistoria natural de los vampiros /
_cAnthony Masters; traducción Ignacio Roger
260 _aEspaña :
_bEditorial Bruguera,
_c1974
300 _a317 p.
503 _aej.1: Donación
504 _aBibliografía: p.315 - 318, incluye bibliografía
650 _aVampiros
_9117695
700 _aRoger, Ignacio, tr.
_9144008
901 _a133.4 M37
902 _aM
910 _a1974
942 _c1
942 _cc1
999 _c169389
_d169389